000 00859nab a2200253 u 4500
001 02967
003 HDC
007 cr bn ---
008 201225p200510 si n |0 eng
040 _aHDC
245 0 _aPRODUCT MARKET STUDY: HALAL FOOD
260 _aSingapore :
_bAgri-Food and Veterinary Authority (Food Control Division),
_c2005
300 _a1 online resource (23 pages)
336 _atext
_2rdacontent
337 _acomputer
_2rdamedia
338 _aonline resource
_2rdacarrier
650 _aFood industry and trade
_9140
650 _aHalal food industry
_zSingapore
_91556
650 _aHalal food
_950
856 _zRequest full-text at [email protected]
942 _2lcc
942 _cAR
942 _kJART 001623
999 _c353
_d353